header

The effects of collaborative supply chain solutions on strategic performance management (Record no. 65469)

MARC details
000 -LEADER
fixed length control field 01233nam a2200301 a 4500
100 1# - MAIN ENTRY--AUTHOR NAME
Personal name Rachan, Wilfred.
245 14 - TITLE STATEMENT
Title The effects of collaborative supply chain solutions on strategic performance management
260 ## - PUBLICATION, DISTRIBUTION, ETC. (IMPRINT)
Place of publication [Amsterdam?] :
Name of publisher Leiden University Press,
Year of publication 2012.
300 ## - PHYSICAL DESCRIPTION
Number of Pages 241 p. :
Other physical details ill.
650 #0 - SUBJECT ADDED ENTRY--TOPICAL TERM
Topical Term Performance
Topical Term Business logistics.
856 40 - ELECTRONIC LOCATION AND ACCESS
Uniform Resource Identifier http://site.ebrary.com/lib/rucke/Doc?id=10661270

No items available.

© 2026 Rongo University
Contact us: librarian | system librarian | Rongo university